000 01391nam a2200277Ia 4500
999 _c34601
_d34601
001 363
003 GE_BSU
005 20200128163113.0
008 181216s2007||||ge |||||||||||||| ||geo||
020 _a6789994091249
040 _cGE_BSU
041 _ageo
080 _a338.22+336 კ-52
100 _aკიოსაკი, რობერტ ტ.
_96451
245 _aგადავდგეთ სამსახურიდან ახალგაზრდები და მდიდრები :
_bროგორ გავმდიდრდეთ სწრაფად და ცხოვრების ბოლომდე დავრჩეთ მდიდრებად! /
_cრობერტ ტ. კიოსაკი, შერონ ლ. ლეჩტერი ; [მთარგმნ. ნონა მებონია].
264 _aთბილისი :
_bზენაარი,
_c2007.
300 _a292 გვ.
_b20 სმ.
653 _aეკონომიკა
653 _aბიზნესი
653 _aინვესტიციები
653 _aფასიანი ქაღალდები
653 _aმდიდრები
700 _aლეჩტერი, შერონ ლ.
_eავტორი
_96452
700 _aმებონია, ნონა
_eმთარგმნელი
_96453
942 _cBK
_2udc